| 000 | 00663cam a2200229 a 4500 | ||
|---|---|---|---|
| 001 | 000007718 | ||
| 005 | 20200929154255.0 | ||
| 008 | 941021s1992 sp 000 1 spa | ||
| 020 | _a8479061383 | ||
| 040 |
_aDO-SdBNP _bspa _cLC _dBNPHU |
||
| 082 |
_a863.64 _bT254L |
||
| 100 | 1 |
_aTébar, Juan. _921391 |
|
| 245 | 1 | 3 |
_aEl libro de las miradas / _cJuan Tébar. |
| 260 |
_aMadrid : _bGrupo Libro 88, _c1992. |
||
| 300 |
_a163 p. ; _c20 cm. |
||
| 490 | 1 |
_aLetras Hispánicas _v16 |
|
| 650 | 4 |
_aNovela española _91123 |
|
| 650 | 4 |
_aLiteratura española _9632 |
|
| 830 | 0 |
_aLetras Hispánicas ; _v16 _94208 |
|
| 910 | _aCatalogación por copia / LC | ||
| 049 | _aBNGR | ||
| 999 |
_c7496 _d7496 |
||